[Event "CAN-ch U12"]
[Site "Windsor"]
[Date "2015.07.07"]
[Round "2.71"]
[White "Asemota, Eghosa"]
[Black "MacSween, Scott"]
[Result "1-0"]
[WhiteElo "732"]
[BlackElo "1100"]
[PlyCount "107"]
[EventDate "2015.07.06"]
[EventType "swiss"]
[EventRounds "7"]
[EventCountry "CAN"]
[SourceTitle "EXT 2022"]
[Source "ChessBase"]
[SourceDate "2021.10.06"]
[SourceVersion "1"]
[SourceVersionDate "2021.10.06"]
[SourceQuality "1"]

1. d4 Nc6 2. Nf3 g6 3. e4 b5 4. Bxb5 a6 5. Ba4 d6 6. Bxc6+ Bd7 7. Bxa8 Qxa8 8. 0-0 Bg4 9. b3 f6 10. d5 e5 11. dxe6 Bxf3 12. Qxf3 f5 13. exf5 Qxf3 14. gxf3 gxf5 15. Bg5 Bg7 16. c3 Ne7 17. Bxe7 Kxe7 18. Re1 Bf6 19. Na3 Bxc3 20. Rac1 Bxe1 21. Rxe1 Rg8+ 22. Kh1 Rd8 23. Nc4 d5 24. Na5 d4 25. Nc6+ Ke8 26. Nxd8 Kxd8 27. Rd1 Ke7 28. Rxd4 Kxe6 29. h4 Kf6 30. Ra4 Ke5 31. Ra5+ Kf4 32. Rxa6 Kxf3 33. Rf6 f4 34. b4 Ke4 35. a4 Ke5 36. a5 Kxf6 37. a6 Ke6 38. a7 Kd6 39. a8Q Ke6 40. Qa6+ Kd7 41. b5 h6 42. Qa7 h5 43. b6 Kc8 44. b7+ Kd7 45. b8Q Kd6 46. Qbxc7+ Ke6 47. Qa6+ Kd5 48. Qca5+ Kd4 49. Qd6+ Kc4 50. Qxf4+ Kb3 51. Qfb4+ Kc2 52. Qe4+ Kc1 53. Qa2 Kd1 54. Qeb1# 1-0